000 00923nam0a22002411 4500
001 rc\2850044
005 20110705093942.7
035 _a(NLR Aleph) 007005228
090 _a5759773
_c5759773
100 _a20110705d1928 |||y0rusy50 ca
101 0 _arus
102 _aRU
105 _ay i |||||
200 1 _aПервые итоги санитарной характеристики БССР на основании статистических данных
_eВместо предисловия
210 _a[Минск]
_cБ. и.
_d[1928]
215 _aС. VII-X
300 _aВ кн.: Б.Я. Смулевич. Заболеваемость и смертность населения городов и местечек БССР. Минск. 1928, с. VII-X
700 1 _aПреферансов
_bЛ. Л.
801 0 _aRU
_bNLR
_gpsbo
801 1 _aRU
_bELAR
_2rusmarc
852 _aNLR
_j55/62
942 _cBOOK
980 _aNB